Statistics for Formula One Cars - Renault

Click here to take the quiz!

General Stats

  • This quiz has been taken 17 times
  • The average score is 15 of 24

Answer Stats

YearAnswer% Correct
2005R25
87%
2006R26
87%
2008R28
87%
2009R29
87%
2010R30
87%
2011R31
87%
2003R23/R23B
80%
2004R24/R24B
80%
2007R27
80%
2020R.S.20
80%
2016R.S.16
73%
2017R.S.17
73%
2018R.S.18
73%
2019R.S.19
73%
1979RS01/RS10
53%
1980RE20
40%
1981RE20B/RE30
40%
1983RE30C/RE40
40%
1984RE50
40%
1985RE60/RE60B
40%
1978RS01
40%
1977RS01
40%
1982RE30B
33%
2002R202
20%

Score Distribution

Percentile by Number Answered

Percent of People with Each Score

Your Score History

You have not taken this quiz